| 000 | 00972nam0a22002771 4500 | ||
|---|---|---|---|
| 001 | RU\INFOCOMM_318\NLR\5000067919 | ||
| 005 | 20250613102257.0 | ||
| 035 | _a(NLR Aleph) 009437869 | ||
| 090 |
_a8325522 _c8325522 |
||
| 100 | _a20121120d1986 |||y0rusy50 ca | ||
| 101 | 1 |
_afre _crus |
|
| 102 | _aRU | ||
| 105 | _ay z ||||| | ||
| 200 | 1 |
_aDe Truman à Reagan _eLes hommes de la Maison-Blanche _fN. N. Yakovlev _g[Trad. du russe par Léonide Gourévitch] |
|
| 210 |
_aM. _cProgrès _dCop.1986 |
||
| 215 |
_a421 с., [4] л. ил., портр. _cил., портр. _d20 см |
||
| 300 | _aВ вып. дан.: Силуэты Вашингтона / Н. Н. Яковлев | ||
| 620 | _aМосква | ||
| 686 |
_aТ3(7США)63 _2rubbk |
||
| 700 | 1 |
_9z01790 _aJakovlev _bN. N. _f1927- _gNikolaj Nikolaevič |
|
| 790 | 1 |
_9z01700 _aYakovlev _bN. N. _4070 |
|
| 801 | 1 |
_aRU _bNLR _c20121120 |
|
| 801 | 0 |
_aRU _bINFOCOMM _gPSBO |
|
| 852 |
_aNLR _jИ97 Д-3/607 |
||
| 942 | _cBOOK | ||
| 980 | _aNB | ||